000 00862nam a2200265Ia 4500
005 20220628144255.0
008 210716s2010 xx 000 0 und d
020 _a9788126559701
040 _cAIMIT LIBRARY
041 _aeng
082 _a005.761
_21
_bKIMR
100 _aKimball, Ralph.
_945700
245 _aRelentlessly practical tools for data warehousing and business intelligence /
_cBy Ralph Kimball...[et.al].
250 _a1st ed.
260 _aNew Delhi :
_bWiley India Pvt Ltd ,
_c2010.
300 _axxix, 882p. ;
_c23 cm.
650 _aBefore you drive in
_945701
650 _aData architecture
_945702
650 _aFact table core concepts
_945703
700 _aRoss, Margy.
_945704
700 _aBecker, Bob.
_945705
700 _aMundy, Joy.
_945706
700 _aThornthwaite, Warren.
_945707
942 _2ddc
_cBK
_e1st
_k005.761 KIMR
999 _c195034
_d195034